Statistics for LGBTIQ+ Flags

Click here to take the quiz!

General Stats

  • This quiz has been taken 40 times
    (39 since last reset)
  • The average score is 19 of 36

Answer Stats

Answer% Correct
Bisexuals
100%
Gays
100%
Lesbians
100%
Pansexuals
100%
Trans
90%
Non Binary people
87%
Asexuals
84%
Aromantics
74%
Genderfluid people
74%
Intersex
71%
Agender people
65%
Polysexuals
65%
Bigender people
61%
Demiboy/Demimale people
58%
Demigirl/Demifemale people
58%
Demisexuals
58%
Omnisexuals
58%
Aroace people
52%
Demigender people
52%
Queer
52%
Demiromantic people
48%
Trigender people
48%
Genderqueer people
45%
Greysexuals/Graysexuals
42%
Pangender people
42%
Greyromantic/Grayromantic people
39%
Abrosexuals
35%
Polygender people
35%
Genderflux people
26%
Neutrois
23%
Intergender people
19%
Unlabeled people
19%
Fraysexuals
16%
Maverique people
16%
Frayromantic people
13%
Androgyne people
6%

Score Distribution

Percentile by Number Answered

Percent of People with Each Score

Your Score History

You have not taken this quiz since the last reset